| Поле | Инд. | ПП | Название | Значение |
|---|---|---|---|---|
| Тип записи | a | |||
| Библиографический уровень | b | |||
| 001 | Контрольный номер | RU/IS/BASE/142087831 | ||
| 005 | Дата корректировки | 20200522190655.0 | ||
| 084 | a | Индекс другой классификации/Индекс ББК | 66.3(5Сн),5в1 | |
| 100 | 10 | a | Автор | Марк Хонг |
| 245 | 00 | a | Заглавие | Успешный опыт Сингапура в создании национальной идентичности |
| 504 | 00 | a | Библиография | Примеч. |
| 650 | a | Основная рубрика | внутренняя политика | |
| a | Основная рубрика | политика | ||
| 653 | 00 | a | Ключевые слова | Азия |
| a | Ключевые слова | государственная независимость | ||
| a | Ключевые слова | гражданское общество | ||
| a | Ключевые слова | гражданственность | ||
| a | Ключевые слова | двуязычие | ||
| a | Ключевые слова | культура | ||
| a | Ключевые слова | многонациональное государство | ||
| a | Ключевые слова | национальная идентичность | ||
| a | Ключевые слова | национальная идеология | ||
| a | Ключевые слова | национальная политика (этнополитика) | ||
| a | Ключевые слова | национальное государство | ||
| a | Ключевые слова | патриотизм | ||
| a | Ключевые слова | Сингапур | ||
| a | Ключевые слова | традиционная культура | ||
| a | Ключевые слова | этнические общности | ||
| 773 | 00 | t | Заглавие источника | Философские науки |
| d | Дата издания источника | 2000 | ||
| g | Прочая информация | № 3. - С. 7 - 10 | ||
| w | Контрольный № источника | RU/IS/BASE/141145662 | ||
| 901 | t | Тип документа | b |